Statystyki dla Legendy Premier League

Kliknij tutaj aby rozwiązać quiz!

Ogólne statystyki

  • Ten quiz został rozwiązany 328 razy
  • Średni wynik to 6 z 8

Statystyki odpowiedzi

OpisZawodnik% Poprawnych
Przez fanów Arsenalu uważany za zdrajcę. Podczas Mundialu 2014 strzelił bramkę, po której mówili na niego “Latający Holender”. Najlepszy strzelec w historii swojej reprezentacji.Robin van Persie
93%
Brał udział w pamiętnym finale Ligi Mistrzów w 2005 roku i strzelił w nim nawet bramkę. W obecnych czasach kojarzony raczej ze swoim słynnym poślizgnięciem z 2014 roku.Steven Gerrard
93%
Jest rekordzistą pod względem czystych kont w Premier League. Urodzony w już nieistniejącym kraju. Obecnie pełni funkcję dyrektora sportowego pewnego klubu z Londynu.Petr Cech
75%
Wychowanek i wieloletni gracz Manchesteru United. Pomimo świetnej gry, nigdy nie zagrał na Mundialu. Obecnie jest selekcjonerem reprezentacji swojego kraju.Ryan Giggs
73%
Najlepszy strzelec w historii Premier League. Powiedzmy sobie, czy tu potrzeba więcej?Alan Shearer
72%
W lidze strzelił łącznie 41 goli co jest rekordem strzelonych bramek wśród obrońców w Premier League. W 2008 roku w finale Ligi Mistrzów nie strzelił karnego w serii jedenastek. Zawodnik roku Premier League w 2005 roku(PFA).John Terry
65%
Brał udział w najważniejszych momentach dla swojego klubu. W sezonie 2018/19 strzelił bramkę na wagę wygrania ligi, pomimo tego, że jego kolega krzyczał do niego “... don’t shot”.Vincent Kompany
62%
Pewnego czasu było strasznie głośno o jego transferze do lokalnego rywala. Pomimo strzelenia bramki w Finale Ligi Mistrzów nie wygrał tego trofeum. Wchodził w skład “The Invicibles” z sezonu 2003/2004.Sol Campbell
39%

Rozkład punktacji

Percentyl według liczby udzielonych odpowiedzi

Procent ludzi z każdym wynikiem

Twoja historia wyników

Nie rozwiązałeś tego quizu